000 01062nam a2200217Ia 4500
001 11196
003 GE_BSU
008 181216s||||||||xx |||||||||||||| ||und||
040 _cGE_BSU
080 _a579.222
100 _aლომთათიძე ზაურ, გოროზია ილია
245 _aპროკარიოტებში ანტიბიოტიკების სინთეზის ეგზოგენური რეგულაცია
245 _cრედ: ენგურ კირთაძე
260 _aთბილისი.
260 _bუნივერსალი
260 _c2005
300 _a146გვ.20სმ.
300 _eანტიბიოტიკების საძიებელი. ლათინური სახელწოდებების საძიებელი
653 _aპროკარიოტებში ანტიბიოტიკების სინთეზის ეგზოგენური რეგულაცია
942 _cBK
999 _c44430
_d44430